Rymas sacras (Record no. 138812)

MARC details
000 -LEADER
campo de control de longitud fija 00475nam a2200157 4500
001 - NÚMERO DE CONTROL
campo de control 138812
003 - IDENTIFICADOR DE NÚMERO DE CONTROL
campo de control ES-MaACL
005 - FECHA Y HORA DE LA ÚLTIMA TRANSACCIÓN
campo de control 20230906195636.0
007 - CAMPO FIJO DE DESCRIPCIÓN FÍSICA--INFORMACIÓN GENERAL
campo de control de longitud fija t|
008 - DATOS DE LONGITUD FIJA--INFORMACIÓN GENERAL
campo de control de longitud fija 070214s1966 sp r ||||1| spa d
100 1# - ENTRADA PRINCIPAL--NOMBRE DE PERSONA
Nombre de persona Sanz y Ruiz de la Peña, Nicomedes.
9 (RLIN) 103697
245 10 - MENCIÓN DEL TÍTULO
Título Rymas sacras
Resto del título : 1955-1960 /
Mención de responsabilidad, etc. Nicomedes Sanz y Ruiz de la Peña.
260 ## - PUBLICACIÓN, DISTRIBUCIÓN, ETC.
Lugar de publicación, distribución, etc. Valladolid :
Nombre del editor, distribuidor, etc. [s.n.],
Fecha de publicación, distribución, etc. 1966 (
Fabricante Imp. Ceres)
300 ## - DESCRIPCIÓN FÍSICA
Extensión 308 p. ;
Dimensiones 22 cm.
852 ## - LOCALIZACIÓN
Ubicación ES-MaACL
Número de control de estantería C-29203
Sublocalización o colección R.59549
Holdings
Estatus retirado Estado de pérdida Estado de daño No para préstamo Biblioteca de origen Biblioteca actual Ubicación en estantería Fecha de adquisición Fuente de adquisición Total de préstamos Signatura topográfica completa Código de barras Visto por última vez Precio de reemplazo Tipo de ítem Koha
        Biblioteca del Ateneo de Madrid Biblioteca del Ateneo de Madrid Depósito 2 17/01/2008     C-29203 1144445 23/02/2023 23/02/2023 Libro impreso